| 000 | 03779nam0a2200397 4500 | ||
|---|---|---|---|
| 001 | RU\NLR\BIBL_A\012742692 | ||
| 005 | 20220504123132.0 | ||
| 010 |
_a978-5-907361-75-1 _9550 |
||
| 021 |
_aRU _bКН-П-21-089065 _9КН-П-21-7097 |
||
| 035 | _a(NLR Aleph) 012742692 | ||
| 035 | _a(RuMoRGB)010926226 | ||
| 090 |
_a13007408 _c13007408 |
||
| 100 | _a20220328d2021 k y0rusy50 ca | ||
| 101 | 0 | _arus | |
| 102 | _aRU | ||
| 105 | _aab z 000zy | ||
| 181 | 0 |
_ai3 _baxxe |
|
| 182 | 1 | _an | |
| 200 | 1 |
_aИсторические и политико-правовые основания независимости Абхазии и Южной Осетии _fВ. А. Захаров, М. А. Васьков _gЮжный федеральный университет [и др.] |
|
| 203 |
_aТекст _bвизуальный _cнепосредственный |
||
| 210 |
_aРостов-на-Дону _cФонд науки и образования _d2021 |
||
| 215 |
_a403 с. _cтабл., карты _d21 |
||
| 300 | _aНа 4-й с. обл. авт.: Захаров В. А., писатель, историк, проф., п Васьков М. А., социолог, историк, д-р социол. наук, канд. ист. наук, проф., заслуж. деят. науки Республики Юж. Осетия | ||
| 320 | _aБиблиогр. в подстроч. примеч. | ||
| 330 | _aКнига посвящена проблеме, которая вызвала неодинаковое отношение к ней со стороны многих мировых государств. Кровавая агрессия Грузии, пытавшейся вернуть угнетаемый ею народ Абхазии и Южной Осетии, уничтожение мирных жителей, объектов инфраструктуры не помогли националистическому грузинскому руководству. Спустя несколько лет при разработке и поддержке США планов новой оккупации 08.08.2008 г. прошел блицкриг, названный впоследствии пятидневной войной, которая закончилась полным крахом агрессора и признанием Россией независимости Абхазии и Южной Осетии. Независимость признали на сегодняшний день пять государств-членов ООН. Однако двойные стандарты в мировой политике мешают нормальной жизни этих стран, появившихся на постсоветском пространстве. Книга предназначена для студентов и преподавателей, для всех интересующихся историей Южного Кавказа | ||
| 607 |
_aАбхазия _xПолитика и управление _zкон. 20 - нач. 21 вв. _92404233 _3RU\NLR\AUTH\6601652463 |
||
| 607 |
_aЮжная Осетия _xПолитика и управление _zкон. 20 - нач. 21 вв. _92404231 _3RU\NLR\AUTH\6601652462 |
||
| 686 | 1 | _aТ3(5Г-6А)74-3 | |
| 686 | 1 | _aТ3(5Г-6Ю)74-3 | |
| 700 | 1 |
_7ca _8rus _aЗахаров _bВ. А. _cканд. ист. наук, литературовед _f1946- _gВладимир Александрович _927282 _3RU\NLR\AUTH\7744341 |
|
| 701 | 1 |
_aВаськов _bМ. А. _gМаксим Александрович |
|
| 942 | _cBOOK | ||
| 980 | _aNB | ||